000 00424nam a2200205Ia 4500
001 13822
003 GE_BSU
008 181216s||||||||xx |||||||||||||| ||und||
020 _a0340835532
040 _cGE_BSU
080 _a821.111-3
100 _aPicoult,Jodi.
245 _aSalem Falls.
260 _aLondon.
260 _bHodder.
260 _c2001
300 _a514p;20cm.
653 _aSalem Falls.
942 _cBK
999 _c46968
_d46968